La France des années 1930 - Statistiques

Statistiques générales
  • Ce quiz a été pris 14 fois
  • Le résultat moyen est 5 sur 38
Statistiques - réponses
Evènement Date/ autre % Correct
Le Royaume-Uni dévalue la livre sterling 1931
92%
La crise éco atteint vraiment la France 1932
83%
Blum et Tardieu tentent de réunir la gauche à partir de 1932
83%
Dévaluation du dollar 1933
75%
rechute de l'activité industrielle 1933
75%
Officialisation du Front Populaire au congrès de Wagram 1935
58%
Attaque de la chambre des ligues d'Extrême Droite 6 février 1934
8%
La Rocque crée le Parti Social Français, 600 000 membres 10 juillet 1936
0%
manifestation des commerçants 14 février et 3 mai 1933
0%
La SFIO se rallie au gvt d'union nationale 15 juillet 1934
0%
le gouvernement Blum annonce la dissolution des ligues 18 juin 1936
0%
Mobilisation du PC et de la CGTU (Confédération générale du travail unitaire) 18 novembre 1933
0%
Le Front Populaire s'effondre 1e avril 1938
0%
arrêt des fonctionnaires 20 février 1933
0%
discours Daladier "remettons la France au travail" 21 août 1938
0%
chute de Blum 22 juin 1937
0%
Daladier est renversé 24 octobre 1933
0%
manifestation paysanne 26 janvier 1933
0%
Les socialistes et communistes signent le Pacte d'unité d'action contre le fascisme 27 juillet 1934
0%
Heriot est renversé et Daladier lui succède et devient président du conseil 4 février 1933
0%
projet de réforme de G. Doumergue 4 octobre 1934
0%
Accords Matignon 7-8 juin 1936
0%
Stavisky retrouvé mort dans un chalet à Chamonix 8 janvier 1934
0%
démission prsdt conseil G. Doumergue 8 novembre 1934
0%
G. Doumergue nommé président du conseil 9 février 1934
0%
un ministre lié à Stavisky démissionne ce qui alimente beaucoup la crise 9 janvier 1934
0%
On annule les réparations allemandes 9 juillet 1932
0%
élections qui marquent le recul des ligues d'extrême droite et la victoire nette du Front Populaire avril-mai 1936
0%
gouvernement d'Union Nationale mise en place février 1934
0%
arrivée à la présidence de la rep. G. Doumergue juin 1924
0%
fin du mandat G. Doumergue juin 1931
0%
arrivée à la présidence de la rep. P. Doumer juin 1931
0%
M. Thorez fait un discours à Ivry en se présentant comme "défenseur du peuple" juin 1934
0%
L. Blum devient prsdt du conseil à la tête du Front Populaire juin 1936
0%
fin du mandat et assassinat P. Doumer mai 1932
0%
Victoire du cartel des gauches mai 1932
0%
arrivée à la présidence de la rep. A. Lebrun mai 1932
0%
crise des Sudètes qui fait qu'on supprime plusieurs réformes sociales mises en place par le Front Populaire septembre 1938
0%
Aucun quiz correspondant
Distribution des résultats
% des personnes avec chaque résultat
Percentile par nombre de réponses
Votre historique - résultats
Vous n’avez pas pris ce quiz